| 000 | 02250cam a2200313 4500500 | ||
|---|---|---|---|
| 005 | 20260329021404.0 | ||
| 041 | _afre | ||
| 042 | _adc | ||
| 100 | 1 | 0 |
_aDrissa, Koné _eauthor |
| 700 | 1 | 0 |
_aGbagbo, Michel _eauthor |
| 700 | 1 | 0 |
_aBazaré, Raymond Nébi _eauthor |
| 245 | 0 | 0 | _aSorcellerie en Afrique : le paradigme psychologique des confessions publiques |
| 260 | _c2011. | ||
| 500 | _a2 | ||
| 520 | _aLes auteurs interrogent la nécessité de redéfinir les paradigmes jusque là utilisés dans les recherches portant sur la sorcellerie en Afrique noire. En effet, qu’elles soient sociologiques, ethnologiques ou ethno-psychiatriques, celles-ci ont peu abordé la question des personnes accusées de sorcellerie par leur communauté et avouant une telle pratique lors de confessions publiques. Quel cadre relationnel organise ces aveux ? Ces personnes présentent-elles une psychopathologie ou des caractéristiques psychologiques spécifiques ? Une analyse de cette situation est une étape vers une anthropologie clinique générale. L’article se termine donc en proposant de nouvelles recherches dans ce sens. | ||
| 520 | _aThis article allows to the authors to wonder about the necessity to redefine paradigms to there used in researches concerning sorcery in Black Africa. In effect, that they are sociological, ethnological or ethno-psychiatric, these not much tackled the question of the people accused of sorcery by their community and to confess this kind of method during public confessions. Witch relational context organize these confessions ? Are this people endowed a psychopathology or particular psychological characters ? An analysis of this situation is a step of a general clinical anthropology. The article ends therefore by offering new researches in this sense. | ||
| 690 | _aAfrique | ||
| 690 | _aconfessions publiques | ||
| 690 | _aparadigmes | ||
| 690 | _apsychologie | ||
| 690 | _asorcellerie | ||
| 690 | _aAfrica | ||
| 690 | _aparadigms | ||
| 690 | _apsychology | ||
| 690 | _apublic confessions | ||
| 690 | _asorcery | ||
| 786 | 0 | _nPsy Cause | 59 | 1 | 2011-01-11 | p. 4-9 | 1245-2394 | |
| 856 | 4 | 1 | _uhttps://shs.cairn.info/revue-psy-cause-2011-1-page-4?lang=fr&redirect-ssocas=7080 |
| 999 |
_c1912186 _d1912186 |
||